Culture Générale - Série 1941 - Statistiques

Statistiques générales
  • Ce quiz a été pris 113 fois
  • Le résultat moyen est 4 sur 10
Statistiques - réponses
Question Réponse % Correct
Quel fleuve arrose la ville italienne de Turin ? Po
89%
Napperon glissé sous une assiette à l'occasion d'un repas ? set
72%
Quel est le prénom du peintre impressionniste Manet ? Edouard
70%
Dans quel département français se trouve la ville de Narbonne ? Aude
66%
Quelle est la capitale du Vermont - état des Etats Unis ? Montpelier
32%
Quel fruit est une "ente" ? prune
31%
Qui a écrit "Le Pendule de Foucault " ? Umberto Eco
29%
Comment s'appelle l'animal représenté sur la photographie ? lamantin
25%
Barre servant à fermer une porte épar
17%
Cor poussé au sommet de la tête d'un cerf époi
5%
Aucun quiz correspondant
Distribution des résultats
% des personnes avec chaque résultat
Percentile par nombre de réponses
Votre historique - résultats
Vous n’avez pas pris ce quiz